[Event "Barcelona Sants op 19th"]
[Site "Barcelona"]
[Date "2017.08.25"]
[Round "8"]
[White "Haug, Johannes"]
[Black "Costantini, Roberto"]
[Result "1-0"]
[WhiteElo "2362"]
[BlackElo "2253"]
[PlyCount "47"]
[EventDate "2017.08.18"]
[EventType "swiss"]
[EventRounds "10"]
[EventCountry "ESP"]
[SourceTitle "CBM 180 Extra"]
[Source "ChessBase"]
[SourceDate "2017.10.06"]
[SourceVersion "1"]
[SourceVersionDate "2017.10.06"]
[SourceQuality "1"]

1. e4 e5 2. Nf3 Nc6 3. Bc4 Nf6 4. d3 Be7 5. 0-0 0-0 6. a4 d5 7. exd5 Nxd5 8. h3 Re8 9. Re1 Bb4 10. c3 Bf8 11. a5 Nf4 12. Bxf4 exf4 13. Rxe8 Qxe8 14. Qb3 b6 15. axb6 cxb6 16. Qa2 Ne5 17. Nbd2 Nxc4 18. Qxc4 Bb7 19. Qxf4 Qb5 20. Nc4 Qd5 21. Ne3 Qxd3 22. Ne5 Qe4 23. Qxf7+ Kh8 24. Rxa7 1-0

[Event "Barcelona Sants op 19th"]
[Site "Barcelona"]
[Date "2017.08.23"]
[Round "6"]
[White "Garriga Cazorla, Pere"]
[Black "Costantini, Roberto"]
[Result "1-0"]
[WhiteElo "2405"]
[BlackElo "2253"]
[PlyCount "53"]
[EventDate "2017.08.18"]
[EventType "swiss"]
[EventRounds "10"]
[EventCountry "ESP"]
[SourceTitle "CBM 180 Extra"]
[Source "ChessBase"]
[SourceDate "2017.10.06"]
[SourceVersion "1"]
[SourceVersionDate "2017.10.06"]
[SourceQuality "1"]

1. e4 c5 2. Nf3 d6 3. d4 cxd4 4. Nxd4 Nf6 5. Nc3 a6 6. Be3 e5 7. Nb3 Be6 8. f3 Be7 9. Qd2 0-0 10. 0-0-0 Nbd7 11. g4 b5 12. g5 b4 13. Ne2 Ne8 14. f4 a5 15. f5 a4 16. fxe6 axb3 17. exf7+ Rxf7 18. Kb1 bxc2+ 19. Qxc2 Bxg5 20. Bxg5 Qxg5 21. Ng3 Nb6 22. Qb3 g6 23. Rg1 Raa7 24. Bb5 Nf6 25. Nf5 Qf4 26. Nxd6 Nxe4 27. Rgf1 1-0

[Event "EU-Cup 29th"]
[Site "Rhodes"]
[Date "2013.10.21"]
[Round "2.5"]
[White "Popov, Ivan1111"]
[Black "Costantini, Roberto"]
[Result "1-0"]
[WhiteElo "2653"]
[BlackElo "2300"]
[PlyCount "73"]
[EventDate "2013.10.20"]
[EventType "team-swiss"]
[EventRounds "7"]
[EventCountry "GRE"]
[SourceTitle "CBM 157"]
[Source "ChessBase"]
[SourceDate "2013.11.12"]
[SourceVersion "1"]
[SourceVersionDate "2013.11.12"]
[SourceQuality "1"]
[WhiteTeam "Rostov"]
[BlackTeam "Bologna"]
[WhiteTeamCountry "RUS"]
[BlackTeamCountry "ITA"]

1. e4 c5 2. Nf3 d6 3. d4 cxd4 4. Nxd4 Nf6 5. Nc3 a6 6. Be3 e5 7. Nb3 Be6 8. h3 Be7 9. Qf3 0-0 10. 0-0-0 a5 11. Kb1 Na6 12. g4 Nd7 13. a4 Nb4 14. Nd5 Bxd5 15. exd5 Bg5 16. h4 Bxe3 17. fxe3 Na6 18. c3 Nac5 19. Nxc5 Nxc5 20. Bb5 e4 21. Qg3 f5 22. g5 Qe7 23. Rhf1 Rad8 24. h5 Kh8 25. Rf2 Nd3 26. Bxd3 exd3 27. Rf4 Qf7 28. g6 Qxd5 29. h6 Qe5 30. hxg7+ Kxg7 31. gxh7+ Kf7 32. Rxd3 Ke6 33. Qg2 d5 34. Rfd4 Rh8 35. c4 Ke7 36. Rxd5 Rxd5 37. Rxd5 1-0

[Event "ITA-ch sf 72nd"]
[Site "Civitanova Marche"]
[Date "2012.07.20"]
[Round "7"]
[White "Franchini, Gabriele"]
[Black "Costantini, Roberto"]
[Result "0-1"]
[WhiteElo "2149"]
[BlackElo "2289"]
[PlyCount "109"]
[EventDate "2012.07.15"]
[EventType "swiss"]
[EventRounds "9"]
[EventCountry "ITA"]
[SourceTitle "EXT 2013"]
[Source "ChessBase"]
[SourceDate "2012.11.22"]
[SourceVersion "1"]
[SourceVersionDate "2012.11.22"]
[SourceQuality "1"]

1. e4 c5 2. Nf3 b6 3. c4 Bb7 4. Nc3 e6 5. Be2 d6 6. d4 cxd4 7. Nxd4 Nf6 8. f3 Be7 9. 0-0 0-0 10. Be3 Nbd7 11. Qd2 a6 12. Rfd1 Qc7 13. Rac1 Rac8 14. Bf1 Qb8 15. Qf2 Kh8 16. Kh1 Bd8 17. Nb3 Bc7 18. Qh4 Ne5 19. Qf2 Nfd7 20. Nd4 Rg8 21. Be2 g5 22. b3 Rg6 23. Nc2 Rcg8 24. Ne1 Qf8 25. Nd3 f6 26. Nxe5 fxe5 27. b4 g4 28. fxg4 Qxf2 29. Bxf2 Nf6 30. c5 bxc5 31. bxc5 d5 32. Bg3 d4 33. c6 Bc8 34. g5 Rxg5 35. Bh4 dxc3 36. Bxg5 Rxg5 37. Rxc3 Nxe4 38. Rf3 Rf5 39. Rdf1 Nd2 40. Rxf5 exf5 41. Rc1 Ne4 42. g3 Kg7 43. Kg2 Kf6 44. Bc4 Nd6 45. Bd5 Nb5 46. a4 Nd4 47. h3 Ke7 48. g4 Ne2 49. Rd1 Nc3 50. Rd3 Nxd5 51. Rxd5 fxg4 52. hxg4 Bxg4 53. Kg3 Be6 54. Rd1 h5 55. Ra1 0-1

[Event "ITA-ch sf 72nd"]
[Site "Civitanova Marche"]
[Date "2012.07.15"]
[Round "1"]
[White "Dobboletta, Alex"]
[Black "Costantini, Roberto"]
[Result "0-1"]
[WhiteElo "2002"]
[BlackElo "2289"]
[PlyCount "82"]
[EventDate "2012.07.15"]
[EventType "swiss"]
[EventRounds "9"]
[EventCountry "ITA"]
[SourceTitle "EXT 2013"]
[Source "ChessBase"]
[SourceDate "2012.11.22"]
[SourceVersion "1"]
[SourceVersionDate "2012.11.22"]
[SourceQuality "1"]

1. e4 c5 2. Nf3 d6 3. d4 cxd4 4. Nxd4 Nf6 5. Nc3 a6 6. f3 e5 7. Nb3 Be6 8. Be3 Be7 9. Qd2 0-0 10. g4 d5 11. g5 d4 12. gxf6 Bxf6 13. 0-0-0 dxe3 14. Qxd8 Bxd8 15. Nc5 Nc6 16. Nxe6 fxe6 17. Rg1 Nd4 18. Ne2 Nxf3 19. Rg3 Bh4 20. Rg4 Nxh2 21. Rxh4 Nxf1 22. Rh1 Nd2 23. Rh3 Rf2 24. Rxe3 Nc4 25. Rc3 Nxb2 26. Kxb2 Rxe2 27. Rc7 Rf8 28. Rg1 g6 29. Rh1 Rf7 30. Rxf7 Kxf7 31. Rxh7+ Kf6 32. Rxb7 g5 33. Kb3 g4 34. Rb8 Rxe4 35. Rg8 Kf7 36. Rg5 Ke7 37. c4 Kd6 38. Kb4 Rf4 39. a4 e4 40. c5+ Kd7 41. Re5 g3 0-1

[Event "ITA-chT"]
[Site "Arvier"]
[Date "2012.04.28"]
[Round "3"]
[White "Costantini, Roberto"]
[Black "Livecchi, Dario"]
[Result "1-0"]
[WhiteElo "2290"]
[BlackElo "2160"]
[PlyCount "47"]
[EventDate "2012.04.27"]
[EventType "team-swiss"]
[EventRounds "7"]
[EventCountry "ITA"]
[SourceTitle "CBM 148 Extra"]
[Source "ChessBase"]
[SourceDate "2012.06.22"]
[SourceVersion "1"]
[SourceVersionDate "2012.06.22"]
[SourceQuality "1"]
[WhiteTeam "Bologna Italiana"]
[BlackTeam "Banca Nuova"]
[WhiteTeamCountry "ITA"]
[BlackTeamCountry "ITA"]

1. e4 e5 2. Nf3 Nc6 3. Bb5 a6 4. Ba4 Nf6 5. d3 d6 6. 0-0 Be7 7. c3 0-0 8. Re1 b5 9. Bc2 Bg4 10. h3 Bh5 11. Nbd2 d5 12. Qe2 Re8 13. Nf1 Bf8 14. g4 Bg6 15. Ng3 Qd6 16. Nh4 Rad8 17. Qf3 b4 18. g5 bxc3 19. bxc3 dxe4 20. dxe4 Nd7 21. Rd1 Qc5 22. Bb3 Na5 23. Be3 Qa3 24. Nxg6 1-0

[Event "ITA-ch sf"]
[Site "Fano"]
[Date "2012.04.15"]
[Round "6"]
[White "Costantini, Roberto"]
[Black "Brunello, Sabino"]
[Result "0-1"]
[WhiteElo "2290"]
[BlackElo "2587"]
[PlyCount "52"]
[EventDate "2012.04.15"]
[EventType "swiss"]
[EventRounds "9"]
[EventCountry "ITA"]
[SourceTitle "EXT 2024"]
[Source "ChessBase"]
[SourceDate "2023.10.10"]
[SourceVersion "1"]
[SourceVersionDate "2023.10.10"]
[SourceQuality "1"]

1. e4 c5 2. Nf3 e6 3. d4 cxd4 4. Nxd4 Nc6 5. Nc3 Qc7 6. a3 a6 7. Be3 Nf6 8. Be2 b5 9. 0-0 Bb7 10. f4 Bc5 11. Qd2 Nxd4 12. Bxd4 Nxe4 13. Nxe4 Bxe4 14. Rf2 d5 15. c3 0-0 16. a4 Bxd4 17. Qxd4 bxa4 18. Rxa4 a5 19. Bf1 Rab8 20. Ra3 Rfc8 21. Qa4 Ra8 22. Kh1 g6 23. h3 Qb6 24. Kg1 Rd8 25. Ra1 d4 26. b4 axb4 0-1

[Event "ITA-ch sf"]
[Site "Fano"]
[Date "2012.04.15"]
[Round "5"]
[White "Efimov, Igor"]
[Black "Costantini, Roberto"]
[Result "1-0"]
[WhiteElo "2405"]
[BlackElo "2290"]
[PlyCount "131"]
[EventDate "2012.04.15"]
[EventType "swiss"]
[EventRounds "9"]
[EventCountry "ITA"]
[SourceTitle "EXT 2024"]
[Source "ChessBase"]
[SourceDate "2023.10.10"]
[SourceVersion "1"]
[SourceVersionDate "2023.10.10"]
[SourceQuality "1"]

1. d4 d5 2. c4 c6 3. e3 Nf6 4. Nc3 g6 5. Nf3 Bg7 6. Be2 0-0 7. 0-0 Be6 8. b3 Qa5 9. Bd2 Qd8 10. Ne5 Nbd7 11. f4 c5 12. Be1 cxd4 13. exd4 Rc8 14. Bh4 Qa5 15. Qe1 dxc4 16. bxc4 Nb6 17. c5 Na4 18. Nb5 Qxe1 19. Bxe1 a6 20. Nc3 Nxc3 21. Bxc3 Nd5 22. Ba5 Ne3 23. Rfc1 f6 24. Nf3 Bd7 25. Rab1 Bc6 26. Rb3 Nd5 27. g3 e6 28. Bc4 Rfe8 29. Nd2 f5 30. Nf3 Re7 31. Re1 Rce8 32. Ne5 Bxe5 33. Rxe5 Kf7 34. Rb2 h6 35. h3 Rg8 36. Rf2 Ke8 37. g4 Kd7 38. Kh2 Nf6 39. Rfe2 Rge8 40. Be1 Bf3 41. R2e3 fxg4 42. Bh4 g5 43. fxg5 hxg5 44. Bxg5 Rh7 45. h4 Nd5 46. Re1 Rg7 47. Kg3 Rg6 48. Bd3 Rg7 49. Bf5 Nc7 50. Bxg4 Bd5 51. a3 Rf7 52. Bh5 Ref8 53. Bxf7 Rxf7 54. R5e3 Nb5 55. Rd1 Rf5 56. a4 Na7 57. Bf4 Nc6 58. Kg4 Ne7 59. h5 Rf8 60. h6 Nf5 61. Rh3 Rg8+ 62. Bg5 Rh8 63. h7 Be4 64. Bf6 Ne3+ 65. Rxe3 Rxh7 66. Rxe4 1-0

[Event "Olomouc op"]
[Site "Olomouc"]
[Date "2010.08.11"]
[Round "8"]
[White "Savitskiy, Sergey"]
[Black "Costantini, Roberto"]
[Result "1-0"]
[WhiteElo "2245"]
[BlackElo "2286"]
[PlyCount "73"]
[EventDate "2010.08.04"]
[EventType "swiss"]
[EventRounds "9"]
[EventCountry "CZE"]
[SourceTitle "CBM 137 Extra"]
[Source "ChessBase"]
[SourceDate "2010.09.01"]
[SourceVersion "1"]
[SourceVersionDate "2010.09.01"]
[SourceQuality "1"]

1. e4 c5 2. Nf3 d6 3. d4 cxd4 4. Nxd4 Nf6 5. Nc3 a6 6. f4 e5 7. Nf3 Nbd7 8. a4 Be7 9. Bd3 0-0 10. 0-0 Nc5 11. Kh1 exf4 12. Bxf4 Bg4 13. Qd2 Bh5 14. Nd4 Bg6 15. Nf5 Bxf5 16. exf5 d5 17. Rfe1 Re8 18. h3 Qb6 19. a5 Qc6 20. Qf2 Rad8 21. Qf3 Nxd3 22. cxd3 Bb4 23. Rec1 Qd7 24. Bg5 Re5 25. Rf1 Bxc3 26. Bxf6 gxf6 27. bxc3 Rde8 28. Rab1 Kh8 29. Qf4 d4 30. cxd4 Rxa5 31. Rb6 Ra2 32. Qh4 Qd8 33. Rxb7 Kg7 34. Qg4+ Kf8 35. Rfb1 Qd5 36. Rb8 Rae2 37. Qxe2 1-0

[Event "Olomouc op"]
[Site "Olomouc"]
[Date "2010.08.10"]
[Round "7"]
[White "Costantini, Roberto"]
[Black "Berezovich, Mikhail"]
[Result "1-0"]
[WhiteElo "2286"]
[BlackElo "2246"]
[PlyCount "71"]
[EventDate "2010.08.04"]
[EventType "swiss"]
[EventRounds "9"]
[EventCountry "CZE"]
[SourceTitle "CBM 137 Extra"]
[Source "ChessBase"]
[SourceDate "2010.09.01"]
[SourceVersion "1"]
[SourceVersionDate "2010.09.01"]
[SourceQuality "1"]

1. e4 d6 2. d4 g6 3. Nc3 Bg7 4. Be3 c6 5. Qd2 Nd7 6. h3 b5 7. Bd3 Qc7 8. Nf3 Bb7 9. Ne2 Ngf6 10. Ng3 0-0 11. Bh6 e5 12. h4 Bxh6 13. Qxh6 Ng4 14. Qg5 Ndf6 15. dxe5 dxe5 16. h5 h6 17. Qd2 Kg7 18. Nh4 Ng8 19. f3 N4f6 20. hxg6 fxg6 21. 0-0-0 Rad8 22. Qe1 Bc8 23. Nf1 Nh5 24. g3 Nhf6 25. Ne3 Rfe8 26. Kb1 Be6 27. g4 Nh7 28. Qc3 Rb8 29. b3 Nhf6 30. Rdg1 Nh7 31. f4 Kf7 32. f5 gxf5 33. gxf5 Bd7 34. Ng6 Nhf6 35. Bc4+ bxc4 36. Qxc4+ 1-0

[Event "Olomouc op"]
[Site "Olomouc"]
[Date "2010.08.09"]
[Round "6"]
[White "Krejci, Jan1111"]
[Black "Costantini, Roberto"]
[Result "0-1"]
[WhiteElo "2164"]
[BlackElo "2286"]
[PlyCount "80"]
[EventDate "2010.08.04"]
[EventType "swiss"]
[EventRounds "9"]
[EventCountry "CZE"]
[SourceTitle "CBM 137 Extra"]
[Source "ChessBase"]
[SourceDate "2010.09.01"]
[SourceVersion "1"]
[SourceVersionDate "2010.09.01"]
[SourceQuality "1"]

1. Nf3 d5 2. c4 c6 3. b3 Bg4 4. g3 Nd7 5. Bb2 Ngf6 6. Bg2 e6 7. 0-0 Be7 8. d4 0-0 9. Nbd2 h6 10. Re1 Qa5 11. a3 Rfd8 12. b4 Qc7 13. Rc1 a5 14. b5 Qb8 15. a4 cxb5 16. axb5 b6 17. Ne5 Nxe5 18. dxe5 Ne8 19. Qb3 Ra7 20. cxd5 exd5 21. Bxd5 Bb4 22. Bc3 Bxc3 23. Rxc3 Qxe5 24. Rd3 a4 25. Qc4 Bh5 26. Nb1 a3 27. Nxa3 Rxa3 28. Rxa3 Qxd5 29. Qh4 Qd2 30. Raa1 Nf6 31. Qc4 Rd4 32. Qc8+ Kh7 33. h3 Rd6 34. e4 Re6 35. e5 Nd7 36. Qc7 Qd4 37. Qc2+ Bg6 38. Qb3 Nxe5 39. Rad1 Nd3 40. Rf1 Re2 0-1

[Event "ITA-chT 42nd"]
[Site "Arvier"]
[Date "2010.04.29"]
[Round "2"]
[White "Rombaldoni, Axel"]
[Black "Costantini, Roberto"]
[Result "1-0"]
[WhiteElo "2439"]
[BlackElo "2311"]
[PlyCount "43"]
[EventDate "2010.04.29"]
[EventType "team"]
[EventRounds "7"]
[EventCountry "ITA"]
[SourceTitle "CBM 136 Extra"]
[Source "ChessBase"]
[SourceDate "2010.07.02"]
[SourceVersion "2"]
[SourceVersionDate "2010.07.15"]
[SourceQuality "1"]

1. e4 c5 2. Nf3 d6 3. d4 Nf6 4. Bb5+ Bd7 5. Bxd7+ Qxd7 6. dxc5 dxc5 7. Qe2 e6 8. 0-0 Nc6 9. e5 Nd5 10. c4 Nb6 11. Rd1 Qc7 12. Nc3 a6 13. Bf4 Be7 14. Bg3 0-0 15. Ne4 Rfd8 16. Nf6+ gxf6 17. exf6 Bd6 18. Qe3 Kf8 19. Qg5 Nd4 20. Nxd4 cxd4 21. Rxd4 Ke8 22. Qg8+ 1-0

[Event "Bratto op 26th"]
[Site "Bratto"]
[Date "2006.08.19"]
[Round "1"]
[White "Costantini, Roberto"]
[Black "Meng, Jean Philipp"]
[Result "1-0"]
[WhiteElo "2293"]
[BlackElo "2058"]
[PlyCount "109"]
[EventDate "2006.08.19"]
[EventType "swiss"]
[EventRounds "9"]
[EventCountry "ITA"]
[SourceTitle "CBM 113 Extra"]
[Source "ChessBase"]
[SourceDate "2006.09.14"]
[SourceVersion "1"]
[SourceVersionDate "2006.09.14"]
[SourceQuality "1"]

1. e4 Nc6 2. Nf3 e5 3. Bb5 a6 4. Ba4 Nf6 5. 0-0 b5 6. Bb3 Be7 7. Re1 0-0 8. a4 Rb8 9. d3 h6 10. Nbd2 Re8 11. c3 Bf8 12. d4 b4 13. Nxe5 Nxe5 14. dxe5 Rxe5 15. Nf3 Rxe4 16. Rxe4 Nxe4 17. Bxf7+ Kxf7 18. Qd5+ Ke8 19. Qxe4+ Qe7 20. Qd3 Qd6 21. Qe2+ Be7 22. Bd2 Kf8 23. cxb4 Bb7 24. Re1 Bf6 25. Bc3 Bd5 26. Ne5 Kg8 27. Ng4 Bxc3 28. bxc3 Qc6 29. Ne3 Be6 30. Qc2 Bf7 31. Nf5 Kh8 32. Nd4 Qf6 33. Re3 Re8 34. Qe2 Rxe3 35. Qxe3 Qg6 36. h3 Bd5 37. f3 c6 38. Qe7 d6 39. Kh2 Kh7 40. Qf8 Bc4 41. Qf5 c5 42. bxc5 Qxf5 43. Nxf5 dxc5 44. a5 Kg6 45. Nd6 Bd5 46. Kg3 c4 47. Kf4 Kf6 48. Ne4+ Ke6 49. Nc5+ Kd6 50. Nxa6 Ba8 51. h4 Kc6 52. Ke5 Bb7 53. Nb4+ Kb5 54. a6 Ba8 55. Kd4 1-0

[Event "Bratto op 25th"]
[Site "Bratto"]
[Date "2005.08.26"]
[Round "7"]
[White "Tatai, Stefano"]
[Black "Costantini, Roberto"]
[Result "1-0"]
[WhiteElo "2370"]
[BlackElo "2291"]
[PlyCount "49"]
[EventDate "2005.08.20"]
[EventType "swiss"]
[EventRounds "9"]
[EventCountry "ITA"]
[SourceTitle "CBM 108 Extra"]
[Source "ChessBase"]
[SourceDate "2005.11.04"]
[SourceVersion "1"]
[SourceVersionDate "2005.11.04"]
[SourceQuality "1"]

1. e4 c5 2. Nf3 d6 3. d4 cxd4 4. Nxd4 Nf6 5. Nc3 a6 6. Bg5 e6 7. f4 Be7 8. Qf3 h6 9. Bh4 Qc7 10. 0-0-0 Nbd7 11. Be2 b5 12. e5 Bb7 13. Qh3 dxe5 14. Nxe6 fxe6 15. Qxe6 Nc5 16. Qxe5 Rc8 17. Bxf6 gxf6 18. Qh5+ Kf8 19. Kb1 Ne4 20. Qg6 Nxc3+ 21. bxc3 Bc6 22. Bg4 Rd8 23. Rxd8+ Qxd8 24. Rd1 Qc7 25. Bh5 1-0

[Event "Bratto op 25th"]
[Site "Bratto"]
[Date "2005.08.25"]
[Round "6"]
[White "Costantini, Roberto"]
[Black "Sax, Gyula"]
[Result "1/2-1/2"]
[WhiteElo "2291"]
[BlackElo "2568"]
[PlyCount "38"]
[EventDate "2005.08.20"]
[EventType "swiss"]
[EventRounds "9"]
[EventCountry "ITA"]
[SourceTitle "CBM 108 Extra"]
[Source "ChessBase"]
[SourceDate "2005.11.04"]
[SourceVersion "1"]
[SourceVersionDate "2005.11.04"]
[SourceQuality "1"]

1. e4 c5 2. Nf3 e6 3. d4 cxd4 4. Nxd4 Nf6 5. Nc3 d6 6. Be3 a6 7. f3 b5 8. g4 Bb7 9. Qd2 Nc6 10. 0-0-0 Be7 11. Kb1 Rc8 12. h4 Ne5 13. Bd3 Nfd7 14. g5 Nb6 15. Qe1 b4 16. Nce2 d5 17. Qg3 Nbc4 18. Bf4 Ng6 19. Bc1 Bd6 1/2-1/2

[Event "ITA-chT A1 34th"]
[Site "Italy"]
[Date "2004.03.07"]
[Round "2"]
[White "Aglietti, Graziano"]
[Black "Costantini, Roberto"]
[Result "0-1"]
[WhiteElo "2084"]
[BlackElo "2317"]
[PlyCount "62"]
[EventDate "2004.03.06"]
[EventType "team"]
[EventRounds "5"]
[EventCountry "ITA"]
[SourceTitle "EXT 2007"]
[Source "ChessBase"]
[SourceDate "2006.11.23"]
[SourceVersion "1"]
[SourceVersionDate "2006.11.23"]
[SourceQuality "1"]

1. e4 c5 2. Nc3 d6 3. g3 Nc6 4. Bg2 g6 5. d3 Bg7 6. Nge2 Rb8 7. Be3 Nd4 8. 0-0 e6 9. f4 Ne7 10. Qd2 f5 11. Nd1 0-0 12. c3 Ndc6 13. Nf2 b6 14. exf5 gxf5 15. d4 Ba6 16. Rfe1 Qc7 17. Rad1 Rbd8 18. Nd3 Kh8 19. Kh1 Na5 20. b3 c4 21. Nb4 Bb7 22. d5 e5 23. fxe5 dxe5 24. Kg1 Ng6 25. d6 Qf7 26. Bg5 Rd7 27. Nc1 f4 28. Bh3 h6 29. Be7 Rxe7 30. dxe7 Qxe7 31. Bg2 f3 0-1

[Event "Pardubice KB Czech op"]
[Site "Pardubice"]
[Date "2003.07.22"]
[Round "5"]
[White "Costantini, Roberto"]
[Black "Postny, Evgeny"]
[Result "0-1"]
[WhiteElo "2334"]
[BlackElo "2499"]
[PlyCount "66"]
[EventDate "2003.07.18"]
[EventType "swiss"]
[EventRounds "9"]
[EventCountry "CZE"]
[SourceTitle "CBM 095 Extra"]
[Source "ChessBase"]
[SourceDate "2003.09.04"]
[SourceVersion "1"]
[SourceVersionDate "2003.09.04"]
[SourceQuality "1"]

1. e4 c5 2. Nf3 g6 3. d4 Bg7 4. dxc5 Qa5+ 5. c3 Qxc5 6. Na3 d6 7. Nb5 Qc6 8. Be3 b6 9. Qd5 Qxd5 10. exd5 Na6 11. a4 Nf6 12. Bc4 Bb7 13. a5 0-0 14. axb6 axb6 15. Bxb6 Rfc8 16. Be2 Nxd5 17. Bd4 Nc5 18. 0-0 Nf4 19. Bc4 Na4 20. b3 Bxd4 21. cxd4 Nb6 22. Rxa8 Rxa8 23. Re1 Bxf3 24. gxf3 Kf8 25. h4 Ra2 26. Bf1 Rb2 27. Rc1 Rxb3 28. Nc3 Rb4 29. Nb5 Ne6 30. Rc6 Nd5 31. Bc4 Ndf4 32. Rc8+ Kg7 33. Kh2 d5 0-1

[Event "Cesenatico op 8th"]
[Site "Cesenatico"]
[Date "2003.??.??"]
[Round "5"]
[White "Costantini, Roberto"]
[Black "Di Caro, Calogero"]
[Result "1/2-1/2"]
[WhiteElo "2330"]
[BlackElo "2220"]
[PlyCount "37"]
[EventDate "2003.09.??"]
[EventType "swiss"]
[EventRounds "9"]
[EventCountry "ITA"]
[SourceTitle "EXT 2007"]
[Source "ChessBase"]
[SourceDate "2006.11.23"]
[SourceVersion "1"]
[SourceVersionDate "2006.11.23"]
[SourceQuality "1"]

1. e4 e6 2. Qe2 Be7 3. g3 d5 4. d3 Nf6 5. Bg2 b6 6. e5 Nfd7 7. c4 c6 8. h4 dxc4 9. d4 Bb7 10. Nc3 Na6 11. a3 Nc7 12. Qg4 0-0 13. Bh6 Ne8 14. Bg5 Rb8 15. Nf3 Kh8 16. Rd1 Nc7 17. 0-0 Nd5 18. Ne4 Qe8 19. Rfe1 1/2-1/2

[Event "Cesenatico op 8th"]
[Site "Cesenatico"]
[Date "2003.??.??"]
[Round "3"]
[White "Costantini, Roberto"]
[Black "Maahs, Erich"]
[Result "1-0"]
[WhiteElo "2330"]
[BlackElo "2200"]
[PlyCount "85"]
[EventDate "2003.09.??"]
[EventType "swiss"]
[EventRounds "9"]
[EventCountry "ITA"]
[SourceTitle "EXT 2007"]
[Source "ChessBase"]
[SourceDate "2006.11.23"]
[SourceVersion "1"]
[SourceVersionDate "2006.11.23"]
[SourceQuality "1"]

1. e4 d5 2. exd5 Nf6 3. Nc3 Nxd5 4. Bc4 Be6 5. Qf3 c6 6. Nh3 Nc7 7. d3 Bxc4 8. dxc4 e5 9. 0-0 Nd7 10. Qg3 f6 11. Kh1 Ne6 12. f4 Qa5 13. Qg4 Nc7 14. Be3 0-0-0 15. fxe5 h5 16. Qf5 Qxe5 17. Qxe5 Nxe5 18. Bxa7 Nxc4 19. b3 Bb4 20. Na4 Nb5 21. Bf2 Ne5 22. Nf4 g5 23. Ne6 Rd6 24. Nec5 h4 25. c4 Nc7 26. Ne4 Re6 27. Bc5 Ng4 28. Nxg5 fxg5 29. Bxb4 h3 30. Rae1 hxg2+ 31. Kxg2 Ne3+ 32. Rxe3 Rxe3 33. Nb6+ Kb8 34. Bd6 Rd3 35. c5 Rd8 36. Rf7 R8xd6 37. cxd6 Rxd6 38. Rf8+ Ne8 39. Rxe8+ Kc7 40. Nc4 Rd5 41. Re7+ Kb8 42. Re2 b5 43. Ne5 1-0